Teams that have won UEFA Champions League- sudden death - Statistics

General Stats
  • This quiz has been taken 90 times
    30 since last reset
  • The average score is 12 of 24
Answers on the Grid
Answers color-coded by a green-red scale on the quiz's grid according to % correct below.
Lyon
Fenerbahce
AC Milan
AFC Ajax
Arsenal
Aston Villa
Atlético Madrid
Bayern München
Benfica
Borussia Dortmund
Celtic
Chelsea
Crvena zvezda
Dinamo Zagreb
FC Barcelona
FCSB
Feyenoord Rotterdam
Galatasaray
Hamburger SV
Inter Milan
Juventus
Leeds United
Lens
Liverpool
Manchester City
Manchester United
Marseille
Nottingham Forest
Paris Saint-Germain
Porto
PSV Eindhoven
Real Madrid
Roma
Tottenham Hotspur
Wolfsburg
Dynamo Tbilisi
Dynamo Batumi
Zorhya Luhansk
Oleksandriya
 
Answer Stats
Answer % Correct
AC Milan
94%
AFC Ajax
72%
Bayern München
67%
Juventus
61%
Chelsea
56%
Inter Milan
56%
Manchester City
56%
Manchester United
56%
Aston Villa
50%
FC Barcelona
50%
Liverpool
50%
Nottingham Forest
50%
Real Madrid
50%
Benfica
44%
Celtic
44%
Marseille
44%
Paris Saint-Germain
44%
Porto
44%
PSV Eindhoven
44%
Borussia Dortmund
39%
Crvena zvezda
39%
Feyenoord Rotterdam
33%
Hamburger SV
33%
FCSB
28%
No matching quizzes found
Score Distribution
Percent of People with Each Score
Percentile by Number Answered
Your Score History
You have not taken this quiz since the last reset